000 01161nam a2200253 i 4500
001 169116
003 ES-MaACL
005 20250812062537.0
008 080819s1955 sp f |||| | spa d
080 _a82-2.02
100 1 _aGuerrero Zamora, Juan,
_d1927-2002
_960590
245 1 3 _aLa imagen activa y el expresionismo dramático /
_cJuan Guerrero Zamora.
260 _aMadrid :
_bAteneo,
_c1955.
300 _a40 p. :
_b1 lám. ;
_c19 cm.
490 1 _aColección "O crece o muere" ;
_v87
505 0 _aEl grado en la selección; Los precursores; El expresionismo en Alemania; El expresionismo en otros países; Ideología e ideografía; La obra de Franz Kafka; Inspiración escénica del expresionismo; Supuestos fundamentales del expresionismo; El camino hacia Adamov.
594 _aEl original fue dado a conocer por el autor en el Ateneo de Madrid el día 10 de febrero de 1955.
610 2 7 _aAteneo de Madrid-
_vConferencias-
_y1940-1982.
_91908
650 0 4 _aExpresionismo (Literatura)
_9156101
830 1 0 _aColección "O crece o muere"
_v87
_9183476
852 _aES-MaACL
_jJ-24(87)
852 _aES-MaACL
_jJ-25(87)
999 _c169116
_d169116